El collar sagrado / (Registro nro. 8632)

Detalles MARC
000 -LIDER
fixed length control field 00649nam a22002417a 4500
001 - NÚMERO DE CONTROL
Identificador de número de control 0074
003 - IDENTIFICACDOR DE NÚMERO DE CONTROL
control field DO-SdBNP
005 - DATE AND TIME OF LATEST TRANSACTION
control field 20180119124055.0
007 - CAMPOS FIJOS DE DESCRIPCIÓN FÍSICA
fixed length control field 0074
008 - ELEMENTOS DE LONGITUD FIJA
fixed length control field 151111b sp 1958 xxu||||| |||| 00| 0 spa d
040 ## - FUENTE DE CATALOGACIÓN
Agencia que crea de manera original el registro BPMSU
Idioma de catalogación spa
Agencia que realiza la transcripción BPMSU
100 10 - ASIENTO PRINCIPAL -- NOMBRE PERSONAL
Nombre personal Kipling, Rudyard
245 13 - MENCIÓN DE TITULO
Título El collar sagrado /
Enlace Rudyard Kipling ; traducción Luis Elias
246 10 - VARIACION DEL TÍTULO
Título propiamente dicho o título corto The naulahka
260 ## - PUBLICACIÓN, DISTRIBUCIÓN, ETC. (PIE DE IMPRENTA)
Lugar de publicación, distribución, etc Barcelona, España:
Nombre del editor, distribuidor, etc. Ediciones G. P.,
Fecha de publicación, distribución, etc 1958
300 ## - DESCRIPCIÓN FÍSICA
Extensión 159 p. :
Dimensiones 18 cm.
490 10 - MENCIÓN DE SERIES
Mención de serie Alcotan
Volume/sequential designation 31
700 10 - ASIENTO SECUNDARIO -- NOMBRE PERSONAL
Nombre personal Elias, Luis,
Materiales especificados tr.
830 00 - ASIENTO SECUNDARIO DE SERIE--TÍTULO UNIFORME
Título uniforme Alcotan
Número de la parte o sección de una obra 31
942 ## - ADDED ENTRY ELEMENTS (KOHA)
Source of classification or shelving scheme Dewey Decimal Classification
Koha item type Libros
945 ## - INFORMACIÓN DE PROCESAMIENTO LOCAL
Información de procesamiento local Inventariado, 2018/MFF
956 ## - LOCAL ELECTRONIC LOCATION AND ACCESS (OCLC)
Nombre de host Brenda Tavárez
Existencias
Withdrawn status Lost status Source of classification or shelving scheme Damaged status Not for loan Collection code Home library Current library Date acquired Source of acquisition Total Checkouts Barcode Date last seen Price effective from Koha item type
    Dewey Decimal Classification     Colección General Biblioteca Pública Metropolitana Salomé Ureña Biblioteca Pública Metropolitana Salomé Ureña 11/11/2015 Donación   BPMSU15110176 11/11/2015 11/11/2015 Libros